Normal view
MARC view
Entry Personal Name
001 - CONTROL NUMBER
- control field: 29268
003 - CONTROL NUMBER IDENTIFIER
- control field: dpl
005 - DATE AND TIME OF LATEST TRANSACTION
- control field: 20110708102947.0
008 - FIXED-LENGTH DATA ELEMENTS
- fixed length control field: 110708|||a|||||| | ||| d
040 ## - CATALOGING SOURCE
- Original cataloging agency: dpl
- Transcribing agency: dpl
100 ## - HEADING--PERSONAL NAME
- Personal name: जोशी,मैत्रेयी
670 ## - SOURCE DATA FOUND
- Source citation: Work cat.: (dpl): शाफर,मेरी अँन 29210, गर्नसी वाचक मंडळ /, 2011
670 ## - SOURCE DATA FOUND
- Source citation: Work cat.: (dpl): शाफर,मेरी अँन 29210, गर्नसी वाचक मंडळ /, 2011
